1530 1555 1043 1989 1710 1364 1882 1976 1258 1603 1649 1341 1041 1108 1934 1200 1850 1629 1310 1492 1448 1781 1439 1060 1209 1583 1253 1018 1924 1085 1042 1322 1040 1785 1568 1371 1132 1347 1908 1268 1071 1975 1774 1620 1119 1556 1991 1054 1829 1382 1114 1414 1906 1818 1168 1931 1936 1565 1899 1408 1890 1179 1842 1911 1072 1068 1047 1433 1243 1767 1335 1652 1603 1980 1401 1519 1351 1170 1932 1864 1375 1190 1414 1375 1873 1069 1839 1478 1938 1943 1846 1629 1159 1390 1882 1094 1186 1678 1908 BCNSPRNW ULIB Ver.6.0+V

เปลี่ยนเป็นภาษาไทย

Change to English
 แสดงรายละเอียดบรรณานุกรม
  กลับหน้าหลัก

Brief Record : Get Marc (ISO 2709) : E-mail record : QR code < ปิดหน้าต่าง
LEADER : 00000nam 2200000uu 4500
001    13399128391
003     ULIB
008    230726s2565||||th 000 0 tha d
020    ^a9786165888844
060 04 ^aWP145^bม269
245 00 ^aมะเร็งนรีเวชที่ถ่ายทอดทางพันธุกรรม =^bHereditary Gynecologic Cancer /^cธาริณี แม่นชนะ, บรรณาธิการ
246 31 ^aHereditary Gynecologic Cancer
250    ^aพิมพ์ครั้งที่ 1
260    ^aกรุงเทพฯ :^bเอส.ออฟเซ็ท กราฟฟิคดีไซน์,^c2565
300    ^a202 หน้า :^bภาพประกอบ ;^c26 ซม.
500    ^aดัชนี
650  4 ^aมะเร็ง
650  4 ^aนรีเวชวิทยา
700 0  ^aธาริณี แม่นชนะ,^eบรรณาธิการ
945    ^p298^l0^i009929
945    ^p298^l0^i009930
945    ^p298^l0^i009931
945    ^p298^l0^i009932
945    ^p298^l0^i009933
945    ^p298^l0^i009934
945    ^p298^l0^i009935
999    ^aประนอม เกษจรัล
รายการนี้ยังไม่มีแท็ก
คุณยังไม่ได้ล็อกอิน คุณสามารถมีกิจกรรมร่วมกับเว็บไซต์ได้ แต่ต้องล็อกอินก่อน ::
  ล็อกอิน

รายการสื่อสารสนเทศ

ลำดับที่ ประเภท เลขเรียก/บาร์โค้ด สถานที่ สถานะ
1. วิทยาศาสตร์การแพทย์ และสุขภาพ
หนังสือสำรอง
สถานะ=หนังสือสำรอง
WP145 ม269 ฉ.1 
  Barcode: 009929
ห้องสมุดวิทยาเขตสวรรค์ประชารักษ์
►หนังสือทั่วไป
บนชั้น
2. วิทยาศาสตร์การแพทย์ และสุขภาพ
วิทยาศาสตร์การแพทย์ และสุขภาพ
WP145 ม269 ฉ.2 
  Barcode: 009930
ห้องสมุดวิทยาเขตสวรรค์ประชารักษ์
►หนังสือทั่วไป
บนชั้น
3. วิทยาศาสตร์การแพทย์ และสุขภาพ
วิทยาศาสตร์การแพทย์ และสุขภาพ
WP145 ม269 ฉ.3 
  Barcode: 009931
ห้องสมุดวิทยาเขตสวรรค์ประชารักษ์
►หนังสือทั่วไป
บนชั้น
4. วิทยาศาสตร์การแพทย์ และสุขภาพ
วิทยาศาสตร์การแพทย์ และสุขภาพ
WP145 ม269 ฉ.4 
  Barcode: 009932
ห้องสมุดวิทยาเขตสวรรค์ประชารักษ์
►หนังสือทั่วไป
บนชั้น
5. วิทยาศาสตร์การแพทย์ และสุขภาพ
วิทยาศาสตร์การแพทย์ และสุขภาพ
WP145 ม269 ฉ.5 
  Barcode: 009933
ห้องสมุดวิทยาเขตสวรรค์ประชารักษ์
►หนังสือทั่วไป
บนชั้น
6. วิทยาศาสตร์การแพทย์ และสุขภาพ
วิทยาศาสตร์การแพทย์ และสุขภาพ
WP145 ม269 ฉ.6 
  Barcode: 009934
ห้องสมุดวิทยาเขตสวรรค์ประชารักษ์
►หนังสือทั่วไป
บนชั้น
7. วิทยาศาสตร์การแพทย์ และสุขภาพ
วิทยาศาสตร์การแพทย์ และสุขภาพ
WP145 ม269 ฉ.7 
  Barcode: 009935
ห้องสมุดวิทยาเขตสวรรค์ประชารักษ์
►หนังสือทั่วไป
บนชั้น

รายการใกล้เคียง
    หัวเรื่อง [มะเร็ง]
    หัวเรื่อง [นรีเวชวิทยา]

BibComment


ยังไม่เคยถูกคอมเมนท์

คอมเมนท์ทรัพยากรรายการนี้
  คอมเมนท์: มะเร็งนรีเวชที่ถ..


 Copyright 2026. Bcnsprnw @Library